000 00556nam a2200193 i 4500
001 29649
003 ES-MaACL
005 20230906154052.0
007 t|
008 030122s1966 sp |||| | spa d
100 1 _aBarnett, S. A.
_925732
245 1 3 _aUn siglo después de Darwin /
_cS. A. Barnett ; [traductor Faustino Cordón].
260 _aMadrid :
_bAlianza,
_c1966.
300 _a2 v. ;
_c18 cm.
650 4 _aEvolución.
_912625
650 0 4 _aSelección natural.
_917030
700 1 _aCordón, Faustino.
_940557
852 _aES-MaACL
_jC-31156-57
999 _c29649
_d29649